书目信息 |
| 题名: |
西藏冬小麦
|
|
| 作者: | ;西藏自治区农业科学研究所 编 | |
| 分册: | ||
| 出版信息: | 北京 农业出版社 1978 |
|
| 页数: | 84页 | |
| 开本: | 19cm | |
| 丛书名: | ||
| 单 册: | ||
| 中图分类: | S512.1 | |
| 科图分类: | ||
| 主题词: | 冬小麦--西藏 | |
| 电子资源: | ||
| ISBN: | ||
| 000 | 00618nam0 2200217 45 | |
| 001 | 0178000201 | |
| 005 | 20060802153413.28 | |
| 010 | @d¥0.21 | |
| 091 | @a16144.1814 | |
| 100 | @a19950802d1978 em y0chiy0121 ea | |
| 101 | 0 | @achi |
| 102 | @aCN@b110000 | |
| 105 | @ay z 000yy | |
| 200 | 10 | @a西藏冬小麦@Axi zang dong xiao mai@f西藏自治区农业科学研究所编 |
| 210 | @a北京@c农业出版社@d1978 | |
| 215 | @a84页@d19cm | |
| 606 | @a冬小麦@y西藏 | |
| 690 | @aS512.1@v3 | |
| 711 | 02 | @a西藏自治区农业科学研究所@Axi zang zi zhi qu nong ye ke xue yan jiu suo@4编 |
| 801 | 0 | @aCN@bTSSF@c20060802 |
| 905 | @a10447@dS512.1@e25 | |
| 西藏冬小麦/西藏自治区农业科学研究所编.-北京:农业出版社,1978 |
| 84页;19cm |
| ISBN :¥0.21 |
| ● |
| 相关链接 |
|
|
|
|
正题名:西藏冬小麦
索取号:S512.1/25
 
预约/预借
| 序号 | 登录号 | 条形码 | 馆藏地/架位号 | 状态 | 备注 |
| 1 | 0439524 | 204395243 | 密集书库/ [索取号:S512.1/25] | 在馆 |